Welcome to CU Library Online Public Access Catalogue (OPAC)

CHRISTIANITY IS JEWISH (Record no. 6233)

MARC details
000 -LEADER
fixed length control field 00387nam a22001457a 4500
005 - DATE AND TIME OF LATEST TRANSACTION
control field 20250603171020.0
008 - FIXED-LENGTH DATA ELEMENTS--GENERAL INFORMATION
fixed length control field 250603b |||||||| |||| 00| 0 eng d
020 ## - INTERNATIONAL STANDARD BOOK NUMBER
International Standard Book Number 842302423
050 ## - LIBRARY OF CONGRESS CALL NUMBER
Classification number BV 2620
Item number SCH
100 ## - MAIN ENTRY--PERSONAL NAME
Personal name SCHAEFFER, EDITH
245 ## - TITLE STATEMENT
Title CHRISTIANITY IS JEWISH
Statement of responsibility, etc. EDITH SCHAEFFER
260 ## - PUBLICATION, DISTRIBUTION, ETC.
Place of publication, distribution, etc. ILLINOIS
Name of publisher, distributor, etc. TYNDALE HOUSE PUBLISHERS
Date of publication, distribution, etc. c1984
300 ## - PHYSICAL DESCRIPTION
Extent 224p.;
942 ## - ADDED ENTRY ELEMENTS (KOHA)
Source of classification or shelving scheme Library of Congress Classification
Koha item type Books
Suppress in OPAC No
999 ## -
-- 6233
-- 6233
Holdings
Withdrawn status Lost status Source of classification or shelving scheme Damaged status Not for loan Collection Home library Current library Shelving location Date acquired Total checkouts Full call number Barcode Date last seen Copy number Price effective from Koha item type
    Library of Congress Classification     Non-fiction Undergraduate Library (Christ Temple) Undergraduate Library (Christ Temple) General stacks 06/03/2025   BV 2620 SCH ulct00002964 06/03/2025 1 06/03/2025 Books
© 2023-2024 Copyright: Central University Libraries. All Rights Reserved | Created by: Mahone Tech Office